000 01046nam a2200277Ia 4500
003 OSt
005 20221005103924.0
006 a|||||r|||| 00| 0
007 ta
008 221004b |||||||| |||| 00| 0 hin d
020 _a9788189068967 (hbk)
_c275
024 _a21127
037 _b24018, 27/03/2015, Kitab Ghar
_cTextual
040 _aCRL
_cCRL
_bhin
041 _2hin
_ahin
082 _aP152:795, Q5
100 _aटंडन, पूरनचंद
245 0 _aसर्जनात्मक लेखन, अनुवाद और हिन्दी
246 _aSarjanātmak lekhana, anuvād aur hindī
260 _aदिल्ली
_bकिरन प्रकाशन भारत
_c2012
300 _a144पृ0
_ccm.
650 _aहिन्दी भाषा
700 _a अग्रवाल, मुकेश
942 _hP152:795, Q5
_cTEXL
_2cc
999 _c1011284
_d1011284